Kontrola ako funkcia manažmentu a jej zmeny vplyvom krízy
Vplyv krízy na kontrolu ako jednu funkcií manažmentu podniku - výsledky výskumu na vzorke 115 domácich a zahraničných podnikov pôsobiacich na Slovensku v období 2016-2017.
Guardado en:
| Autor principal: | |
|---|---|
| Otros Autores: | , |
| Formato: | Capítulo de libro |
| Lenguaje: | eslovaco |
| Materias: | |
| Etiquetas: |
Sin Etiquetas, Sea el primero en etiquetar este registro!
|
MARC
| LEADER | 00000nla a2200000 4500 | ||
|---|---|---|---|
| 001 | 0238788 | ||
| 005 | 20240502083639.2 | ||
| 041 | 0 | |a slo | |
| 044 | |a CZ | ||
| 245 | 1 | 0 | |a Kontrola ako funkcia manažmentu a jej zmeny vplyvom krízy |c Nadežda Jankelová, Martina Beňová, Zuzana Skorková |
| 520 | |a Vplyv krízy na kontrolu ako jednu funkcií manažmentu podniku - výsledky výskumu na vzorke 115 domácich a zahraničných podnikov pôsobiacich na Slovensku v období 2016-2017. | ||
| 610 | 2 | 0 | |a podnik |
| 610 | 2 | 0 | |a manažment |
| 610 | 2 | 0 | |a riadenie |
| 610 | 2 | 0 | |a riadenie podnikové |
| 610 | 2 | 0 | |a funkcie riadenia |
| 610 | 2 | 0 | |a kontrola podniková |
| 610 | 2 | 0 | |a kontrola |
| 610 | 2 | 0 | |a kontroling |
| 610 | 2 | 0 | |a kríza |
| 610 | 2 | 0 | |a Slovensko |
| 100 | 1 | |a Jankelová, Nadežda, 1966- | |
| 700 | 1 | |a Beňová, Martina | |
| 700 | 1 | |a Skorková, Zuzana, 1979- | |